| 000 | 00439nam a22001697a 4500 | ||
|---|---|---|---|
| 003 | NUST - PNEC | ||
| 005 | 20170116181020.0 | ||
| 008 | 150915b xxu||||| |||| 00| 0 eng d | ||
| 020 | _a- | ||
| 040 | _cLIBRARY | ||
| 082 | _a621.4021 BUL | ||
| 100 |
_910627 _aBullens, D. K. |
||
| 245 |
_aSteel and its heat treatment: Vol 1 _cD. K. Bullens |
||
| 250 | _a5th ed. | ||
| 650 |
_910629 _aSteel and its heat treatment _xME |
||
| 942 |
_2ddc _cBK |
||
| 999 |
_c67392 _d67392 |
||